000 00265nam a22001097a 4500
008 160507b xxu||||| |||| 00| 0 eng d
020 _a0781724139
041 _aeng
080 _a615
245 _aPharmacology:
_cRichard A. Harvey; Pamela C. Champe;
942 _2udc
_cBK
999 _c1898
_d1898